000 00457nam a2200181Ia 4500
001 1854
005 20260306143759.0
008 260306t2019||||xx |||||||||||||| ||spa||
041 _aESP
082 _a155.8
_bK73
100 _aKoller, Sílvia Helena,
_eAUT
245 0 _aPsychology in Brazil :
_bscientists making a difference
260 _c2019
300 _axiv, 381 páginas :
_c24 cm.
650 _aGEN
654 _aCPS
942 _cLIB
_dJUS
_fJUS
_2ddc
_n
999 _c1854
_d1854